01018nmc a2200337 a 4500003000900000005001700009008004100026020001800067040001300085100002800098245003100126260004600157300001700203490007200220504005100292650001400343650002400357650003100381650001500412650002600427650002300453650002300476650001600499650002600515650002600541650003600567653002300603653001300626653002200639800001900661AR-BaBNM20251128211145.0043020s2000 ||||||||||||||000 | spa|| a987-9334-74-4 cAR-BaBNM1 aFuentes Navarro, Raúl10aEducación y telemática aBuenos AiresbGrupo Editorial Normac2000 a125 p.btbl. 0aEnciclopedia Latinoamericana de Sociocultura y Comunicaciónvv. 6 aContiene referencias bibliográficas en p.109 4aEDUCACION 4aSOCIOLOGIA CULTURAL 4aRELACIONES INTERPERSONALES 4aSOCIEDADES 4aCOMUNICACION DE MASAS 4aIDENTIDAD CULTURAL 4aPOLITICA EDUCATIVA 4aINFORMATICA 4aINTERDISCIPLINARIEDAD 4aRELACIONES CULTURALES 4aMEDIOS DE COMUNICACION DE MASAS aNUEVAS TECNOLOGIAS aINTERNET aEDUCACION VIRTUAL1 aFord, Aníbal